000 00341nam a22001697a 4500
003 UA-OsUOA
001 2961
007 ta
008 20050721b un ||||| |||| 00| 0 ukr d
100 _aCamus
700 _aAlbert
942 _cBK
040 _aUA-OsUOA
_cUA-OsUOA
_dUA-OsUOA
245 _aLa peste.
_bFrench
955 _a2
650 7 _2UDC
999 _c289123
_d289123